| 000 | 01356nam0a2200337 4500 | ||
|---|---|---|---|
| 001 | RU\NLR\BIBL_A\022559349 | ||
| 005 | 20250718135257.0 | ||
| 010 |
_a978-5-16-020546-5 _9500 |
||
| 021 |
_aRU _bКН-П-25-019432 _9КН-П-25-1964 |
||
| 035 | _a(NLR Aleph) 022559349 | ||
| 090 |
_a13455451 _c13455451 |
||
| 100 | _a20250604d2025 k y0rusy50 ca | ||
| 101 | 0 | _arus | |
| 102 | _aRU | ||
| 105 | _aa|||z|||000yy | ||
| 181 | 0 |
_ai _bxxxe |
|
| 182 | 0 | _an | |
| 200 | 1 |
_aПрофессиональное становление учителя-дефектолога _eмонография _fЕ. А. Шилова |
|
| 203 |
_aТекст _bвизуальный _cнепосредственный |
||
| 210 |
_aМосква _cИНФРА-М _d2025 |
||
| 215 |
_a182 с. _cил. _d22 |
||
| 225 | 1 |
_aНаучная мысль _iОбразование |
|
| 300 | _aНа задней сторонке пер. авт.: Шилова Е. А., канд. пед. наук, доц. | ||
| 320 | _aБиблиогр.: с. 135–169 | ||
| 606 | 1 |
_aДефектологи _xПодготовка _2nlr_sh2 _3RU\NLR\AUTH\661578631 |
|
| 686 | 1 | _aЧ489.518.7 | |
| 700 | 1 |
_aШилова _bЕ. А. _cканд. пед. наук _gЕлена Анатольевна _3RU\NLR\AUTH\770214656 |
|
| 942 | _cBOOK | ||
| 980 | _aNB | ||